LDR 00720naa#a2200169#i#450# 001 RU\\bibl\120524 005 20260503173938.7 011 ## _a2500-1825 100 ## _a20260331b2026####ek#y0rusy0150####ca 102 ## _aRU 200 1# _aСТАНОВЛЕНИЕ ЕСТЕСТВЕННО-НАУЧНОГО КРАЕВЕДЕНИЯ В ОМСКОМ ПРИИРТЫШЬЕ _eЖурнальная статья 210 1# _aКрасноярск _cКрасноярский государственный аграрный университет _d2026 215 ## _a12 с. 608 ## _aЖурнальная статья _2local 675 ## _aВсеобщая история. 94 _z 700 #1 _aБерезина _gЕлена Сергеевна 856 4# _asej.kgau.ru _u